Mefisto : román jedné kariéry /

Hlavní autor: Mann, Klaus, 1906-1949
Další autoři: Siebenscheinová, Anna, 1918-2006
Jazyk: Čeština
Vydáno: Praha : Odeon, 1986
Vydání: 4. vyd. (v Odeonu a tohoto překladu 3. vyd.)
Externí odkaz: Digitalizovaný dokument
Fyzický popis: 277 s. ; 21 cm
Knihy
Uloženo v:
LEADER 01077nam a22003012a 4500
001 000408609
003 CZ BrMZK
005 20070509111850.0
007 ta
008 990305s1986 xr f cze d
015 |a cnb000011076 
035 |a (OCoLC)18177226 
040 |a ABA001  |b cze  |d ABA001 
041 1 |a cze  |h ger 
080 9 |a 830-31 
100 1 |a Mann, Klaus,  |d 1906-1949  |7 jn19990005364  |4 aut 
245 1 0 |a Mefisto :  |b román jedné kariéry /  |c Klaus Mann ; z německého originálu ... přeložila Anna Siebenscheinová 
250 |a 4. vyd. (v Odeonu a tohoto překladu 3. vyd.) 
260 |a Praha :  |b Odeon,  |c 1986 
300 |a 277 s. ;  |c 21 cm 
500 |a 20000 výt. 
700 1 |a Siebenscheinová, Anna,  |d 1918-2006  |7 jk01111265  |4 trl 
765 0 |t Mephisto  |9 Česky 
856 4 1 |u http://www.digitalniknihovna.cz/mzk/uuid/uuid:4ca636d0-a823-11e3-b833-005056827e52  |y Digitalizovaný dokument  |x NDK 
910 |a BOA001  |b 2-0899.361 
990 |a BK 
991 |b 200705 
996 6 |b 2619773324  |c 2-0899.361  |l MZK  |r Sklad / do 1 hodiny  |n 22  |w 000408609  |u 000010  |a 1  |e BOA001  |j MZK50  |s P